000
00303 a2200133 4500
000
nam a22 7a 4500
100
_a
Raman ,Saini
110
_a
Raman ,Saini
245
_a
Yoga- Body, Mind and Soul
250
_a
latest edition
260
_b
Oxford
_c
2025
264
_b
Oxford
_c
2025
942
_c
BK
999
_c
396241
_d
396241